Nhà ở Đồng bằng sông Cửu Long Mẫu thiết kế chọn lọc

Na minha lista:
Detalhes bibliográficos
Autor Corporativo: Hội nghị nhà ở toàn quốc (lần thứ 3)
Formato: Livro
Idioma:Undetermined
Publicado em: Xây dựng
Assuntos:
Tags: Adicionar Tag
Sem tags, seja o primeiro a adicionar uma tag!
Thư viện lưu trữ: Trung tâm Học liệu Trường Đại học Cần Thơ
LEADER 00634nam a2200193Ia 4500
001 CTU_50705
008 210402s9999 xx 000 0 und d
020 |b 14000 
082 |a 690 
082 |b Nh100 
110 |a Hội nghị nhà ở toàn quốc (lần thứ 3) 
245 0 |a Nhà ở Đồng bằng sông Cửu Long 
245 0 |b Mẫu thiết kế chọn lọc 
245 0 |c Hội nghị nhà ở toàn quốc 
260 |b Xây dựng 
650 |a Architecture 
650 |x Design And Plans 
904 |i Trúc Phương 
980 |a Trung tâm Học liệu Trường Đại học Cần Thơ